Statistiques concernant Escalade - Les blocs les plus durs du monde

Cliquez ici pour prendre le quiz!

Statistiques générales

  • Ce quiz a été pris 46 fois
  • Le résultat moyen est 4 sur 6

Statistiques - réponses

PaysPremier ascensionnisteRéponse% Correct
Finlande 🇫🇮Nalle HukkataivalBurden of Dreams
92%
Suisse 🇨🇭Shawn RaboutouAlphane
82%
France 🇫🇷Simon LorenziBig Island Sit
72%
États-Unis 🇺🇸Daniel WoodsReturn of the sleepwalker
51%
États-Unis 🇺🇸Shawn RaboutouMegatron
46%
France 🇫🇷Charles AlbertL’ombre du voyageur
31%

Distribution des résultats

Percentile par nombre de réponses

% des personnes avec chaque résultat

Votre développement - résultats

Vous n’avez pas pris ce quiz